Bu fırtına geçene kadar / (Record no. 15593)

MARC details
000 -BAŞLIK
Sabit Uzunlukta Kontrol Alanı 00688nam a22002297a 4500
999 ## - SİSTEM KONTROL NUMARALARI (KOHA)
Koha Biblionumber 15593
Koha Biblioitemnumber 15593
003 - KONTROL NUMARASI IDENTIFIER
Denetim Alanı MIRAKIL
005 - SON İŞLEM TARİHİ VE ZAMANI
Denetim Alanı 20240308135338.0
008 - SABİT-BOY VERİ ELEMANLARI - GENEL BİLGİLER
Sabit Uzunlukta Kontrol Alanı 240308b tu ||||| |||| 00| 0 tur d
020 ## - ULUSLARARASI STANDART KİTAP NUMARASI
Uluslararası Standart Kitap Numarası 9786257926539
040 ## - KATALOGLAMA KAYNAK
Orijinal Kataloglama Ajansı TR-AnCHP
Metne Dönüştürmek Ajansı TR-AnCHP
041 ## - DİL KODU
Metin / Ses Parça Veya Ayrı Başlığın Dil Kodu tur
082 ## - DEWEY ONLU SINIFLANDIRMA NUMARASI
Sınıflandırma Numarası 811.42
Ürün Numarası Y35b 2023
090 ## - SINIFLAMA NUMARASI
Sınıflama Numarası 811.42 Y35b 2023
100 ## - ANA GİRİŞ - KİŞİSEL İSİM
Kişisel Ad Yeni, Halil
245 10 - BAŞLIK TABLOSU
Başlık Bu fırtına geçene kadar /
Sorumluluk Tablosu, Vb Halil Yeni.
260 ## - YAYIN, DAĞITIM, VB
Yayın, Dağıtım, Vb Yeri Ankara :
Yayıncı, Dağıtıcı, Vs Adı Telgrafhane yayınları,
Yayın, Dağıtım, Vb Tarihi 2023.
300 ## - FİZİKSEL TANIM
Kapsam 60 s. :
Boyutlar 19 cm.
490 0# - SERİSİ TABLOSU
Seri Beyanı Genel yayın:
Hacim / Ardışık Tanımı 144.
650 #0 - KONU KATMA GİRİŞ - TOPİKAL DÖNEM
9 (RLIN) 19
Topikal Süreli Veya Coğrafi Ad Giriş Elemanı Türk edebiyatı
Genel Alt Bölümü Şiir
856 ## - ELEKTRONİK YER VE ERİŞİM
Kamu Notu Dijital Nüshası için Partimizin Kütüphane Sorumlusu ile iletişime geçiniz.
942 ## - EKLENDİ GİRİŞ ELEMANLARI (KOHA)
Sınıflandırma Veya Raf Düzeni Kaynak Dewey Decimal Classification
Koha Öğesi Türü Books
Holdings
Kalıcı Konum Mevcut Konum Edinme Tarihi Toplam Check-Out'Lar Tam Çağrı Numarası Barkod Tarih Son Görülme İtibaren Geçerli Fiyatlar Koha Öğesi Türü
CHP Kütüphanesi CHP Kütüphanesi 03/08/2024   811.42 Y35b 2023 21494 03/08/2024 03/08/2024 Books
Parti Okulu Kütüphanesi Parti Okulu Kütüphanesi 03/08/2024   811.42 Y35b 2023 21495 03/08/2024 03/08/2024 Books